SPSS trends 6.1

Αποθηκεύτηκε σε:
Λεπτομέρειες βιβλιογραφικής εγγραφής
Συγγραφή απο Οργανισμό/Αρχή: SPSS Inc
Μορφή: Βιβλίο
Γλώσσα:English
Δημοσίευση: Chicago : SPSS Inc., 1994.
Θέματα:
Ετικέτες: Προσθήκη ετικέτας
Δεν υπάρχουν, Καταχωρήστε ετικέτα πρώτοι!

MARC

LEADER 00000cam a2200000 i 4500
001 1/55103
008 070918s1994 ilu| ||| |||| ||eng||
020 |a 0132010550 
035 |l 10090769 
040 |a GR-MyUa  |b gre  |e AACR2 
041 0 |a eng 
082 7 |a 005.55   |2 (22) 
245 1 0 |a SPSS trends 6.1 /   |c SPSS Inc.  
260 |a Chicago :   |b SPSS Inc.,   |c 1994.  
300 |a xi, 356 σ. :   |b σχ. πιν. ;   |c 23 εκ.  
504 |a Βιβλιογραφία: σ. 341. Ευρετήριο.  
630 0 0 |a SPSS (Computer file) 
630 0 0 |a SPSS for Windows. 
650 0 |a Social sciences  |x Statistical methods  |x Computer programs. 
710 2 |a SPSS Inc. 
852 |a INST  |b CHIOS  |e 20070918  |h 005.55 SPS  |p 005200028878  |q 005200028878  |t BK  |y 0 
901 |a BIBL2-2007-3 
970 |a ΑΤΣΑΛΗ  |b ΔΕΣΠΟΙΝΑ  |z 2007/09/18